Blue belts (Record no. 118380)

MARC details
000 -LEADER
fixed length control field 01181cam a2200217 4500
001 - CONTROL NUMBER
control field WB@3612-304
008 - FIXED-LENGTH DATA ELEMENTS--GENERAL INFORMATION
fixed length control field 041125n2004 000 0 eng u
035 ## - SYSTEM CONTROL NUMBER
System control number (Sirsi) u128151
245 ## - TITLE STATEMENT
Title Blue belts
260 ## - PUBLICATION, DISTRIBUTION, ETC.
Date of publication, distribution, etc. 2004
490 ## - SERIES STATEMENT
Series statement The Chartered Institution of Water and Environmental Management Press Release
Volume/sequential designation 23 November 2004 (2)
520 ## - SUMMARY, ETC.
Summary, etc. The Chartered Institution of Water and Environmental Management (CIWEM) wants the issue of the creation of blue belt land in flood pains to be taken seriously. They want the same restrictions or bans to be in place as with green belt development. CIWEM has also proposed that a new national agency be created with responsibility for flooding and coastal management and the power to designate blue belt land, with local authorities as the implementing bodies responsible for carrying out flood and erosion risk management works. Further details on the proposal are available from the website. http://www.ciwem.com/press/231104.asp
590 ## - LOCAL NOTE (RLIN)
Local note WB
590 ## - LOCAL NOTE (RLIN)
Local note WB
650 ## - SUBJECT ADDED ENTRY--TOPICAL TERM
Topical term or geographic name entry element FLOOD PLAINS
650 ## - SUBJECT ADDED ENTRY--TOPICAL TERM
Topical term or geographic name entry element PLANNING
650 ## - SUBJECT ADDED ENTRY--TOPICAL TERM
Topical term or geographic name entry element FLOOD RISK AREAS
650 ## - SUBJECT ADDED ENTRY--TOPICAL TERM
Topical term or geographic name entry element DEVELOPMENT
690 ## - LOCAL SUBJECT ADDED ENTRY--TOPICAL TERM (OCLC, RLIN)
Topical term or geographic name as entry element ENVIRONMENT
9 (RLIN) 6238
942 ## - ADDED ENTRY ELEMENTS (KOHA)
Suppress in OPAC 0
Holdings
Withdrawn status Lost status Source of classification or shelving scheme Damaged status Not for loan Home library Current library Shelving location Date acquired Total Checkouts Full call number Barcode Date last seen Copy number Price effective from Koha item type
    Dewey Decimal Classification     London London News article 25/11/2004   WB4045-06 128151-1001 06/08/2019 1 06/08/2019 News article